000 00384nam a2200133Ia 4500
008 151001s9999||||xx |||||||||||||| ||und||
100 _aराधाकृष्ण गुप्ता
245 _aवैदिक गणित माध्यमिक
250 _a1
260 _bबी आर पी पब्लि
260 _c२०१०
300 _a116
365 _b21
999 _c998386
_d998383